| 000 | 01263nam2a22002291 4500 | ||
|---|---|---|---|
| 001 | rc\259809 | ||
| 005 | 20250621063857.0 | ||
| 035 | _a(NLR Aleph) 005629914 | ||
| 090 |
_a6566347 _c6566347 |
||
| 100 | _a20030307d1990 |||y0rusy50 ca | ||
| 101 | 0 | _arus | |
| 102 | _aRU | ||
| 105 | _ay ||||||||| | ||
| 200 | 1 | _aАбразивный инструмент на органических связках | |
| 210 |
_d1990 _aБ. м. |
||
| 215 | _a[1], 136 с. | ||
| 461 | 0 |
_1001rc\259807 _12001#$aАбразивные материалы и инструменты, 1991-1995$eНоменклатур. кат.$e[В 3 ч.]$fМ-во станкостроит. и инстум. пром-сти СССР, Волж. фил. ВНИИ абразивов и шлифования (Волжск-ВНИИАШ)$vЧ. 2 _96566330 _cМ. _d1990 _fМ-во станкостроит. и инстум. пром-сти СССР, Волж. фил. ВНИИ абразивов и шлифования (Волжск-ВНИИАШ) _nВНИИТЭМР _oНоменклатур. кат. : [В 3 ч.] _tАбразивные материалы и инструменты, 1991-1995 _vЧ. 2 |
|
| 801 | 0 |
_aRU _bNLR _gpsbo |
|
| 801 | 1 |
_aRU _bELAR _2rusmarc |
|
| 852 |
_aNLR _bПт _j36.71/673 |
||
| 942 | _cBOOK | ||
| 980 | _aNB | ||